Shadow girl

Bibliographic Details
Main Author: Stine, R.L
Format: Book
Published: India : HarperCollins Publishers , 2007
Series:the Nightmare room series
Subjects:

MARC

LEADER 00000cam a2200000 7i4500
001 0000048983
005 20151222.0
008 23062015
020 |a 0007251378 
020 |a 9780007251378 
090 0 0 |a AD   |b ENG 
100 1 |a Stine, R.L 
245 0 1 |a Shadow girl   |c R.L.Stine 
260 |a India :   |b HarperCollins Publishers ,   |c 2007 
300 |a 140 pg :   |b (i)bw & col 
440 |a the Nightmare room series 
500 |a Children ages 7-9 years old (orange) 
650 0 |a Junior fiction   |x English stories 
999 |a 0001052895   |b Book   |c Children Collection   |e Cawangan Pontian 
999 |a 0001052896   |b Book   |c Children Collection   |e Cawangan Tmn. Ungku Tun Aminah 
999 |a 0001052898   |b Book   |c Children Collection   |e Cawangan Bandar Penawar